Logo BPK

Biblioteka

Politechniki Koszalińskiej

Reading Literature / (Rekord nr 5767)

Szczegóły MARC
000 -ETYKIETA REKORDU
podpole kontrolne o stałej długości 00334nam a2200145 i 4500
001 - NUMER KONTROLNY REKORDU
pole kontrolne bg
040 ## - ŹRÓDŁO KATALOGOWANIA
Instytucja, która utworzyła rekord BPK
041 ## - KOD JĘZYKA
Kod języka tekstu pol
008 - POLE O STAŁEJ DŁUGOŚCI - DANE KONTROLNE
podpole kontrolne o stałej długości s pl f |000 0 pol
100 1# - NAZWA OSOBOWA
Nazwa osobowa GOWER, Roger
245 #0 - TYTUŁ/ODPOWIEDZIALNOŚĆ
Tytuł Reading Literature /
Pozostałe elementy strefy tytułu i oznaczenia odpowiedzialności R. Gower, M. Pearson.
260 ## - STREFA ADRESU WYDAWNICZEGO
Miejsce wydania Harlow,
Data publikacji, dystrybucji/powstania dokumentu 1992.
700 1# - HASŁO DODATKOWE - NAZWA OSOBOWA
Nazwa osobowa PEARSON, Margaret
856 ## - LOKALIZACJA I DOSTĘP DO ELEKTRONICZNYCH DOKUMENTÓW ZDALNYCH
Link (URL) http://koha.tu.koszalin.pl/cgi-bin/koha/opac-detail.pl?biblionumber=5767
Tekst linku Katalog online BPK
942 ## - DODATKOWE ELEMENTY (KOHA)
Typ dokumentu Książka
Egzemplarze
Wycofany Status egzemplarza Uszkodzony Dostępność Lokalizacja stała Lokalizacja bieżąca Miejsce przechowywania Sygnatura Kod kreskowy Typ dokumentu
      Dostępny Biblioteka Politechniki Koszalińskiej Biblioteka Politechniki Koszalińskiej Wypożyczalnia BG P 45392 01423105 Książka
© 2023 Biblioteka Politechniki Koszalińskiej :: KOHA